000 00703nam a22002297a 4500
005 20170124110004.0
010 _aA-043024
020 _c00.00
_a0471630608
035 _aA-043024
037 _bCen Lib/Ret
040 _aDPL
_bEN
082 _a330.18
_bNAY
245 _aComputer simulation techniques /
_cby Thomas H. Naylor...[et al.]
260 _aNew York
_bJohn Wiley & Sons
_c1966
270 _bNew York
300 _axiii, 352p.
_c22cm(Hb)
500 _aIncludes bibliographical references and index
650 _aDigital computer simulation
_916547
650 _aComputer simulation
_916548
700 _aNaylor, Thomas H.
_916549
942 _2ddc
_cEN
_h330.18
_mNAY
999 _c126090
_d126090